The Oxford 3000 - Letter R - Translate from Polish to English - Statystyki

Ogólne statystyki
  • Ten quiz został rozwiązany 23 razy
  • Średni wynik to 39 z 158
Statystyki odpowiedzi
Polish Angielski % Poprawnych
radio radio
83%
deszcz; padać(deszcz) rain
83%
naprawdę really
75%
wyścig; rasa; ścigać się race
67%
reakcja; odczyn reaction
67%
prawdziwy; realny real
67%
realistyczny realistic
67%
czerwony; czerwień red
67%
czytać read
58%
czytelnik; czytnik reader
58%
recepcja; odbiór reception
58%
nagrywać; zapis; rekord record
58%
region region
58%
regionalny regional
58%
regularny regular
58%
rzadki rare
50%
rzadko rarely
50%
reagować react
50%
czytanie; odczyt reading
50%
gotowy; gotów ready
50%
rzeczywistość; realność reality
50%
powód; rozum reason
50%
nagranie recording
50%
recyklingować recycle
50%
stosunek; relacja relation
50%
relaksować; zrelaksować; odprężyć się; rozluźnić się; relaks; odpoczynek; odprężenie relax
50%
reporter reporter
50%
wyścigi(sport wyścigowy jako całość / branie udziału w wyścigach) racing
42%
zmniejszenie; ograniczenie; redukcja reduction
42%
związek relationship
42%
relaksujący; odprężający relaxing
42%
religia religion
42%
pamiętać remember
42%
reputacja; renoma reputation
42%
szacunek; respekt; respektować; szanować; uszanować respect
42%
ryż rice
42%
bogaty rich
42%
podnieść; wznosić; podwyższenie; podwyżka raise
33%
ranga; stopień; zająć miejsce w rankingu; oceniać; przewyższać kogoś stopniem rank
33%
błyskawiczny; szybki rapid
33%
wskaźnik; ocena; stawka; oceniać rate
33%
raczej rather
33%
surowy raw
33%
zdać sobie sprawę; uświadomić sobie; realizować realize
33%
zmniejszyć; ograniczyć; redukować reduce
33%
regularnie regularly
33%
krewny/krewna(osoba); względny; stosunkowy; relatywny relative
33%
wynajem; czynsz; wynająć rent
33%
powtórka; powtarzać; ponawiać repeat
33%
reprezentować represent
33%
ośrodek wypoczynkowy; resort resort
33%
restauracja restaurant
33%
wynik; rezultat; wynikać result
33%
rewolucja revolution
33%
pierścień; dzwonić; zadzwonić; dzwonienie ring
33%
rzeka river
33%
robot robot
33%
skała; rock(muzyka) rock
33%
romantyczny romantic
33%
pokój; pomieszczenie room
33%
runda; tura; wokół; okrągły; kołem round
33%
błyskawicznie; szybko rapidly
25%
rozsądny; racjonalny reasonable
25%
przepis; receptura recipe
25%
polecać; zalecać; rekomendować recommend
25%
odniesienie; źródło; przypis; referencja reference
25%
odmawiać; odmówić refuse
25%
regulacja; rozporządzenie regulation
25%
względnie; stosunkowo; relatywnie relatively
25%
zrelaksowany; rozluźniony relaxed
25%
religijny religious
25%
raport; zgłaszać; informować report
25%
rezerwacja; zastrzeżenie reservation
25%
rezerwa; zapas; rezerwat; rezerwować reserve
25%
reszta; odpoczynek; wypoczynek; pozostała część; odpoczywać; wypoczywać rest
25%
rytm rhythm
25%
ryzyko; ryzykować risk
25%
rola role
25%
dach; zadaszenie roof
25%
królewski royal
25%
niegrzeczny; chamski; nieuprzejmy rude
25%
biegacz runner
25%
bieganie; działanie running
25%
zasięg; zakres; wahać się; mieścić się w zakresie range
17%
zasięg; dosięgnięcie; wpływ; dotrzeć; sięgnąć; osiągnąć reach
17%
paragon; kwit; pokwitowanie receipt
17%
ostatnio; niedawno recently
17%
rozpoznać; dostrzegać recognize
17%
zalecenie; polecenie; rekomendacja recommendation
17%
odzyskać; przywrócić; wrócić do zdrowia; ozdrowieć recover
17%
odnosić się; wspominać; kierować; odesłać refer
17%
odzwierciedlać; odbijać reflect
17%
żal; ubolewanie; żałować; pożałować; ubolewać regret
17%
ulga; odciążenie; złagodzenie; płaskorzeźba relief
17%
przypominać remind
17%
naprawa; naprawiać; reperować repair
17%
przedstawiciel; reprezentant; reprezentacyjny; reprezentatywny representative
17%
rezydent; mieszkaniec; przebywający stale; stały mieszkaniec resident
17%
nagroda; nagradzać reward
17%
jazda; przejazd; przejażdżka; jeździć ride
17%
prawo; uprawnienie; słuszność; właściwy; odpowiedni; w prawo; dobrze; w porządku right
17%
droga; jezdnia; ulica road
17%
zasada; reguła; rządzić; decydować; panować rule
17%
odbierać; otrzymywać receive
8%
ostatni; niedawny recent
8%
lodówka; chłodziarka refrigerator
8%
rejestr; rejestrować; zarejestrować register
8%
odrzucać; oddalić reject
8%
odnosić się; dotyczyć relate
8%
związany; pokrewny related
8%
istotny(mający związek z tematem, dotyczący sprawy) relevant
8%
polegać; zdać się rely
8%
pozostawać; zostawać remain
8%
zdalny; odległy; oddalony remote
8%
usunąć; zdejmować; wyciągać; wyjąć remove
8%
powtarzający się; powtarzany; powtórzony repeated
8%
zastępować; wymieniać replace
8%
odpowiedź; odzew; odpowiadać reply
8%
prośba; życzenie; prosić (formalne) request
8%
odpowiedzialność; obowiązek responsibility
8%
odpowiedzialny responsible
8%
wzrost; podniesienie; rosnąć; wznosić się; podnosić się rise
8%
rolka; bułka; zwój; walcować; toczyć roll
8%
korzeń; źródło root
8%
lina; sznur rope
8%
trasa; szlak route
8%
rutyna; rutynowy routine
8%
uruchomić; biegać; działać; bieg; ucieczka; wybieg run
8%
kolej; linia kolejowa railroad
0%
przypomnieć sobie; przywołać; wycofać(z rynku); przywołanie; wycofanie recall
0%
szacunek; wzgląd; uważać; postrzegać; dotyczyć regard
0%
premiera; wydanie; zwolnienie; ulga; uwolnić; wydać; zwolnić; udostępnić release
0%
niezawodny; solidny; wiarygodny reliable
0%
uwaga; komentarz; zauważyć; skomentować remark
0%
wymagać, być koniecznym (formalne) require
0%
wymóg; wymaganie requirement
0%
ratunek; ratowanie; ratownictwo; ocalenie; ratować; uratować; ocalić rescue
0%
badania; prace badawcze; zbadać; zbierać informacje; prowadzić badania research
0%
badacz/badaczka researcher
0%
opierać się; przeciwstawiać się resist
0%
rozwiązywać; rozstrzygać resolve
0%
zasób; źródło; środek resource
0%
reagować; odnieść się do; odpowiadać respond
0%
reagowanie; odzew; odpowiedź response
0%
zachować; przechować; zatrzymywać retain
0%
wycofać; zrezygnować; przejść na emeryturę retire
0%
emerytowany; wycofany retired
0%
powrót; zwrot; przywrócenie; powrócić; zwrócić; wracać return
0%
ujawnić; objawić; odsłonić reveal
0%
recenzja; przegląd; przeglądanie; przeglądać; przejrzeć review
0%
poprawiać/zmieniać(tekst, plan, prawo) revise
0%
pozbyć się rid
0%
szorstki; chropowaty; surowy rough
0%
rząd; wiersz row
0%
pocierać; trzeć; rozcierać; przecierać rub
0%
guma; gumka; kauczuk; prezerwatywa; kalosz; gumowy; kauczukowy rubber
0%
wiejski rural
0%
spieszyć się; robić coś w pośpiechu; pośpiech; fala; nagły napływ rush
0%
Nie znaleziono quizów pasujących do podanych kryteriów
Rozkład punktacji
Procent ludzi z każdym wynikiem
Percentyl według liczby udzielonych odpowiedzi
Twoja historia wyników
Nie rozwiązałeś tego quizu